Quick Pick: British Sitcoms Quiz Stats

 Plays Quiz Updated Jul 5, 2018

Challenge
Share
Tweet
Embed
Score 0/10 Timer 01:30
2 Plays Today
% Correct
Father Ted
89.6%
Fawlty Towers
84.7%
Dad's Army
81.6%
Blackadder
79.6%
Absolutely Fabulous
79.1%
The Office
77.4%
The IT Crowd
68.2%
Only Fools And Horses
67.9%
Red Dwarf
63.4%
The Young Ones
62.7%

Today's Daily Dose

Word Ladder
King of the...

Quick Pick
The Doors Songs

On This Day
August 17th II

You're not logged in!

Compare scores with friends on all Sporcle quizzes.
Join for Free
OR
Log In

You Might Also Like...

Show Comments

Extras

Top Quizzes Today


Score Distribution

Your Account Isn't Verified!

In order to create a playlist on Sporcle, you need to verify the email address you used during registration. Go to your Sporcle Settings to finish the process.

Report this User

Report this user for behavior that violates our Community Guidelines.

Details: